| 000 | 00963ngm a22003250a 4500 | ||
|---|---|---|---|
| 001 | PT17525 | ||
| 003 | AR-LpoUNG | ||
| 005 | 20210201232402.0 | ||
| 007 | co ||u|||uuuuu | ||
| 008 | 191001s2000||||xxc|||||||||||||||||eng d | ||
| 020 |
_a0921598394 _c$30.3 |
||
| 040 |
_aAR-LpoUNG _bspa _cAR-LpoUNG _eaacr |
||
| 041 | _aeng | ||
| 044 | _axxc | ||
| 082 | 0 | _a005.362 317rea | |
| 245 | 1 | 0 |
_aReady to program with Java technology : _bversión 1.0 |
| 250 | _a1º edición | ||
| 260 |
_aToronto : _bHolt Software Asociates, _c2000. |
||
| 520 | _aEsta obra esta diseñada para ser usada en un primer curso de programación en Java. | ||
| 650 | 4 | _aCOMPUTACION | |
| 650 | 4 | _aINFORMATICA | |
| 650 | 4 | _aINTELIGENCIA ARTIFICIAL | |
| 650 | 4 | _aMANUALES | |
| 650 | 4 | _aPROGRAMACION DE COMPUTADORAS | |
| 650 | 4 | _aPROGRAMAS DE COMPUTADORA | |
| 651 | 4 | _aDOCUMENTOS TEORICOS O METODOLOGICOS | |
| 710 | 2 | _aHolt Software Assocites | |
| 905 | _a17525 | ||
| 942 | _cCDDVD | ||
| 999 |
_c53542 _d53542 |
||